[Event "BL2 Sued 1314 (Women)"]
[Site "Germany"]
[Date "2014.03.08"]
[Round "6.1"]
[White "Haecker, Sonja"]
[Black "Houska, Jovanka"]
[Result "0-1"]
[WhiteElo "2055"]
[BlackElo "2401"]
[PlyCount "92"]
[EventDate "2013.11.30"]
[EventType "team-tourn"]
[EventRounds "7"]
[EventCountry "GER"]
[SourceTitle "EXT 2018"]
[Source "ChessBase"]
[SourceDate "2017.10.13"]
[SourceVersion "1"]
[SourceVersionDate "2017.10.13"]
[SourceQuality "1"]
[WhiteTeam "Stuttgart Wolfbusch (W)"]
[BlackTeam "Karlsruhe (W)"]
[WhiteTeamCountry "GER"]
[BlackTeamCountry "GER"]

1. e4 c6 2. d4 d5 3. Nc3 dxe4 4. Nxe4 Bf5 5. Ng3 Bg6 6. h4 h6 7. Nf3 Nf6 8. h5 Bh7 9. Bd3 Bxd3 10. Qxd3 e6 11. Bd2 c5 12. 0-0-0 Nc6 13. Be3 Be7 14. dxc5 Qa5 15. Kb1 Bxc5 16. Bxc5 Qxc5 17. Rd2 Rd8 18. Qe2 0-0 19. c3 b5 20. Rh4 a6 21. Nd4 Na5 22. Ne4 Nxe4 23. Rxe4 Nc4 24. Rc2 Rd5 25. g4 e5 26. Nb3 Qd6 27. a3 f5 28. gxf5 Rxf5 29. Qg4 Rg5 30. Qf3 Rd3 31. Qe2 Rg2 32. Ka2 Qd5 33. Kb1 Rd1+ 34. Nc1 Nd2+ 35. Rxd2 Rxd2 36. Rxe5 Rxe2 37. Rxd5 Rexf2 38. Nd3 Rd2 39. Kc1 Kh7 40. Nb4 Rxb2 41. Nxa6 Ra2 42. Kb1 Rgb2+ 43. Kc1 Rh2 44. Kb1 Rxa3 45. Nb4 Rb3+ 46. Ka1 Rxc3 0-1

[Event "BL 1112 (Women)"]
[Site "Germany"]
[Date "2012.04.22"]
[Round "11.2"]
[White "Kryger, Oksana"]
[Black "Haecker, Sonja"]
[Result "0-1"]
[WhiteElo "2212"]
[BlackElo "2070"]
[PlyCount "162"]
[EventDate "2011.10.29"]
[EventType "team-tourn"]
[EventRounds "11"]
[EventCountry "GER"]
[SourceTitle "EXT 2013"]
[Source "ChessBase"]
[SourceDate "2012.11.22"]
[SourceVersion "1"]
[SourceVersionDate "2012.11.22"]
[SourceQuality "1"]
[WhiteTeam "Muelheim Nord (W)"]
[BlackTeam "Stuttgart Wolfbusch (W)"]
[WhiteTeamCountry "GER"]
[BlackTeamCountry "GER"]

1. d4 d5 2. c4 e6 3. Nc3 c6 4. e3 Nf6 5. Nf3 Nbd7 6. Qc2 Bd6 7. Bd3 0-0 8. 0-0 b6 9. e4 dxe4 10. Nxe4 Bc7 11. Bg5 h6 12. Bh4 Bb7 13. Rad1 Qe7 14. Rfe1 Rac8 15. Ne5 Bd8 16. Nxd7 Qxd7 17. Nxf6+ Bxf6 18. Bxf6 gxf6 19. Qc1 Kg7 20. Qf4 Rh8 21. Re3 Qd8 22. c5 Kf8 23. Rf3 f5 24. g4 Rg8 25. Qxh6+ Ke8 26. Bxf5 Qd5 27. Re3 Qxf5 28. h3 Qg6 29. Qf4 Rd8 30. cxb6 axb6 31. Qc7 Qc2 32. Rde1 Bc8 33. Qxb6 Qc4 34. b3 Qxd4 35. Qxc6+ Bd7 36. Qe4 Qxe4 37. Rxe4 Ra8 38. a4 Ke7 39. Rc4 Rgb8 40. Re3 Rb6 41. f4 Rab8 42. Rcc3 Kf6 43. Kf2 Bc6 44. a5 Ra6 45. h4 Rb5 46. h5 Rbxa5 47. g5+ Kg7 48. Re1 Rb6 49. Rec1 Bd5 50. Ke3 Rb4 51. h6+ Kg6 52. R1c2 Re4+ 53. Kd2 Rxf4 54. Rh3 Rf2+ 55. Kc1 Rxc2+ 56. Kxc2 Be4+ 57. Kc3 Kh7 58. Rg3 Kg6 59. Kd4 Bc2 60. b4 Rd5+ 61. Kc4 Kh5 62. Rh3+ Kxg5 63. h7 Bxh7 64. Rxh7 f5 65. b5 Rd1 66. b6 Rb1 67. b7 e5 68. Kd5 e4 69. Kd4 Kf4 70. Rh4+ Kg3 71. Rh7 Rb4+ 72. Kc3 Rb6 73. Kd4 Kf3 74. Re7 Rb1 75. Rh7 f4 76. Rh3+ Kg2 77. Rh7 e3 78. Re7 Kf2 79. Rf7 f3 80. Ke4 Rb4+ 81. Kd3 e2 0-1

[Event "BL 1112 (Women)"]
[Site "Germany"]
[Date "2011.11.27"]
[Round "4.3"]
[White "Haecker, Sonja"]
[Black "Frey, Alisa"]
[Result "1/2-1/2"]
[WhiteElo "2070"]
[BlackElo "2104"]
[PlyCount "82"]
[EventDate "2011.10.29"]
[EventType "team-tourn"]
[EventRounds "11"]
[EventCountry "GER"]
[SourceTitle "EXT 2013"]
[Source "ChessBase"]
[SourceDate "2012.11.22"]
[SourceVersion "1"]
[SourceVersionDate "2012.11.22"]
[SourceQuality "1"]
[WhiteTeam "Stuttgart Wolfbusch (W)"]
[BlackTeam "Schott Mainz (W)"]
[WhiteTeamCountry "GER"]
[BlackTeamCountry "GER"]

1. e4 e5 2. Nf3 Nc6 3. Bb5 a6 4. Ba4 Nf6 5. 0-0 Be7 6. Re1 b5 7. Bb3 0-0 8. h3 d6 9. c3 Na5 10. Bc2 d5 11. exd5 e4 12. Bxe4 Nxe4 13. Rxe4 Bb7 14. d3 Bxd5 15. Re1 Bd6 16. Be3 f5 17. Nbd2 c5 18. Nb3 Nxb3 19. axb3 Qf6 20. d4 f4 21. Bc1 Qf7 22. dxc5 Bxc5 23. Ne5 Qb7 24. Qg4 Ba7 25. Bxf4 Rf6 26. Be3 Raf8 27. Qd7 Bxe3 28. fxe3 Rf2 29. Qxb7 Rxg2+ 30. Kh1 Bxb7 31. e4 Rff2 32. Rad1 h5 33. Rd7 Rh2+ 34. Kg1 Rfg2+ 35. Kf1 Rxb2 36. Kg1 Rhg2+ 37. Kh1 Rh2+ 38. Kg1 Rbg2+ 39. Kf1 Rf2+ 40. Kg1 Rfg2+ 41. Kf1 Rf2+ 1/2-1/2

[Event "BL 1112 (Women)"]
[Site "Germany"]
[Date "2011.10.30"]
[Round "2.3"]
[White "Korenova, Martina"]
[Black "Haecker, Sonja"]
[Result "1-0"]
[WhiteElo "2220"]
[BlackElo "2070"]
[PlyCount "85"]
[EventDate "2011.10.29"]
[EventType "team-tourn"]
[EventRounds "11"]
[EventCountry "GER"]
[SourceTitle "EXT 2013"]
[Source "ChessBase"]
[SourceDate "2012.11.22"]
[SourceVersion "1"]
[SourceVersionDate "2012.11.22"]
[SourceQuality "1"]
[WhiteTeam "Rodewisch (W)"]
[BlackTeam "Stuttgart Wolfbusch (W)"]
[WhiteTeamCountry "GER"]
[BlackTeamCountry "GER"]

1. d4 d5 2. g3 Nf6 3. Bg2 c6 4. c4 e6 5. Nf3 Nbd7 6. 0-0 Be7 7. b3 0-0 8. Bb2 dxc4 9. bxc4 c5 10. e3 Qc7 11. Nbd2 b6 12. e4 cxd4 13. e5 Ne8 14. Nxd4 Bb7 15. Nb5 Qc8 16. Ne4 Nc5 17. Qc2 Nxe4 18. Bxe4 Bxe4 19. Qxe4 a6 20. Nd4 Nc7 21. Rad1 b5 22. Nc6 Qe8 23. Rd3 bxc4 24. Qxc4 Nd5 25. Nxe7+ Nxe7 26. Ba3 Nd5 27. Bxf8 Qxf8 28. Rb1 Qe7 29. Rdb3 g6 30. Rb8+ Rxb8 31. Rxb8+ Kg7 32. Qxa6 Qg5 33. Qc8 Kh6 34. Qf8+ Kh5 35. Qxf7 Qc1+ 36. Kg2 Qc6 37. Qf3+ Kh6 38. Rf8 Qc7 39. Qe4 Qa7 40. a4 Kg7 41. Rf3 Qc7 42. Qd4 Qb7 43. Qc5 1-0

[Event "BL2 Sued 1011 (Women)"]
[Site "Germany"]
[Date "2010.12.05"]
[Round "4.3"]
[White "Haecker, Sonja"]
[Black "Woniak, Katarzyna"]
[Result "1-0"]
[WhiteElo "2048"]
[BlackElo "2004"]
[PlyCount "119"]
[EventDate "2010.11.06"]
[EventType "team-tourn"]
[EventRounds "7"]
[EventCountry "GER"]
[SourceTitle "EXT 2012"]
[Source "ChessBase"]
[SourceDate "2011.11.24"]
[SourceVersion "1"]
[SourceVersionDate "2011.11.24"]
[SourceQuality "1"]
[WhiteTeam "Stuttgart Wolfbusch (W)"]
[BlackTeam "Augsburg (W)"]
[WhiteTeamCountry "GER"]
[BlackTeamCountry "GER"]

1. e4 g6 2. d4 Bg7 3. Nc3 c6 4. f4 d5 5. e5 h5 6. Nf3 Nh6 7. Be3 Bg4 8. h3 Bxf3 9. Qxf3 Nf5 10. Bf2 h4 11. Bd3 e6 12. 0-0 Nd7 13. Ne2 Bf8 14. b3 Be7 15. c4 a6 16. Kh2 Qb6 17. Rfb1 f6 18. exf6 Bxf6 19. Bxf5 gxf5 20. Qe3 Kf7 21. Ng1 Rag8 22. Re1 Nf8 23. Nf3 Rg7 24. Re2 Qd8 25. Be1 Be7 26. Rc1 Ba3 27. Rcc2 Bd6 28. Kh1 Be7 29. Bf2 Rhg8 30. Ne5+ Ke8 31. Qf3 Rh8 32. Rc3 Rh6 33. Rce3 Qd6 34. Nd3 b6 35. c5 Qc7 36. cxb6 Qxb6 37. Re5 Kf7 38. Rc2 Bf6 39. Re1 Nd7 40. Qe3 Bd8 41. Qc1 Qb5 42. Re3 Rhg6 43. a4 Qb7 44. Ne1 Nb8 45. Bg1 Bc7 46. Bh2 Kg8 47. Nf3 Rh6 48. Qe1 Qc8 49. Nxh4 Qd8 50. Nf3 Re7 51. Ne5 Bb6 52. Bg1 Qe8 53. Rg3+ Kh8 54. Qc3 a5 55. Rg5 Bd8 56. Qg3 Rb7 57. Rg6 Rh4 58. Bf2 Nd7 59. Nxd7 Rxd7 60. Rxc6 1-0

[Event "BL2 Sued 1011 (Women)"]
[Site "Germany"]
[Date "2010.12.04"]
[Round "3.3"]
[White "Niedermaier, Barbara"]
[Black "Haecker, Sonja"]
[Result "0-1"]
[WhiteElo "1983"]
[BlackElo "2048"]
[PlyCount "112"]
[EventDate "2010.11.06"]
[EventType "team-tourn"]
[EventRounds "7"]
[EventCountry "GER"]
[SourceTitle "EXT 2012"]
[Source "ChessBase"]
[SourceDate "2011.11.24"]
[SourceVersion "1"]
[SourceVersionDate "2011.11.24"]
[SourceQuality "1"]
[WhiteTeam "Bayern Muenchen (W)"]
[BlackTeam "Stuttgart Wolfbusch (W)"]
[WhiteTeamCountry "GER"]
[BlackTeamCountry "GER"]

1. e4 c5 2. Nc3 Nc6 3. f4 g6 4. Nf3 Bg7 5. e5 d6 6. Bb5 Bd7 7. exd6 exd6 8. 0-0 Nge7 9. Ne2 0-0 10. Bxc6 Bxc6 11. d4 Qb6 12. c3 Rfe8 13. a4 Nf5 14. d5 Bxd5 15. Qxd5 Rxe2 16. a5 Qc6 17. Qxc6 bxc6 18. g4 Ne7 19. Rd1 d5 20. Re1 Rxe1+ 21. Nxe1 Rb8 22. Nd3 c4 23. Nf2 f5 24. Be3 a6 25. Re1 Kf7 26. Bc5 Nc8 27. gxf5 gxf5 28. Bb4 Rb5 29. Nh3 h6 30. Rd1 c5 31. Ba3 Ne7 32. Kf1 Rxa5 33. Ke2 d4 34. cxd4 cxd4 35. Rc1 c3 36. Rc2 Rd5 37. Kd3 Nc6 38. Nf2 a5 39. Kc4 Rd8 40. bxc3 dxc3 41. Nd3 Rc8 42. Bc5 Nd4 43. Ra2 Ne6 44. Rxa5 Bd4 45. Ra7+ Kg8 46. Kd5 Nxc5 47. Nxc5 Bxc5 48. Ra2 Be3 49. Rc2 Bxf4 50. Ke6 Rc5 51. h3 Bd2 52. Kf6 f4 53. Ra2 Rc6+ 54. Kf5 c2 55. Ra8+ Kf7 56. Ra7+ Ke8 0-1

[Event "Stuttgart-chA int"]
[Site "Ditzingen"]
[Date "2010.05.16"]
[Round "7"]
[White "Stitterich, Nadine"]
[Black "Haecker, Sonja"]
[Result "1/2-1/2"]
[WhiteElo "1974"]
[BlackElo "2064"]
[PlyCount "60"]
[EventDate "2010.05.13"]
[EventType "swiss"]
[EventRounds "7"]
[EventCountry "GER"]
[SourceTitle "EXT 2018"]
[Source "ChessBase"]
[SourceDate "2017.10.13"]
[SourceVersion "1"]
[SourceVersionDate "2017.10.13"]
[SourceQuality "1"]

1. e4 c5 2. Nf3 Nc6 3. d4 cxd4 4. Nxd4 Nf6 5. Nc3 d6 6. Bg5 e6 7. f4 Be7 8. Qd2 0-0 9. 0-0-0 Nxd4 10. Qxd4 Qa5 11. Bc4 Rd8 12. e5 dxe5 13. Qxe5 Qb6 14. Rxd8+ Bxd8 15. Rd1 Bd7 16. Qe2 Bc6 17. Bb3 Qb4 18. Kb1 a5 19. a3 Qc5 20. Qe5 Qb6 21. Na4 Qc7 22. Bxf6 gxf6 23. Qe3 Be7 24. Qg3+ Kh8 25. Qf2 Rd8 26. Rxd8+ Qxd8 27. Nc3 f5 28. g3 Bf6 29. Qe3 Qd6 30. Kc1 Kg7 1/2-1/2

[Event "Stuttgart-chA int"]
[Site "Ditzingen"]
[Date "2010.05.13"]
[Round "2"]
[White "Haecker, Sonja"]
[Black "Aring, Gerd"]
[Result "0-1"]
[WhiteElo "2064"]
[BlackElo "2190"]
[PlyCount "84"]
[EventDate "2010.05.13"]
[EventType "swiss"]
[EventRounds "7"]
[EventCountry "GER"]
[SourceTitle "EXT 2018"]
[Source "ChessBase"]
[SourceDate "2017.10.13"]
[SourceVersion "1"]
[SourceVersionDate "2017.10.13"]
[SourceQuality "1"]

1. e4 c5 2. Nc3 Nc6 3. g3 g6 4. Bg2 Bg7 5. d3 e6 6. Be3 d6 7. f4 Nge7 8. Nf3 0-0 9. 0-0 Nd4 10. e5 Nef5 11. Bf2 Nxf3+ 12. Qxf3 Nd4 13. Qd1 dxe5 14. fxe5 Bxe5 15. Ne4 f5 16. Nxc5 Qc7 17. b4 Nb5 18. d4 Bf6 19. Qd3 Nd6 20. c3 Rb8 21. Rfe1 Re8 22. Rac1 b6 23. Nb3 Bb7 24. Nd2 Bxg2 25. Kxg2 Qc6+ 26. Kg1 b5 27. Be3 g5 28. Nb3 Rb7 29. Na5 Qd5 30. Nxb7 Qxb7 31. Qe2 Qd5 32. Rc2 Rc8 33. Bf2 Ne4 34. Rec1 Rc4 35. Be1 Kg7 36. Ra1 Bxd4+ 37. cxd4 Qxd4+ 38. Kg2 Qxa1 39. Bf2 Nxf2 40. Qxf2 Qd4 41. Qe2 Rxc2 42. Qxc2 Qe4+ 0-1

[Event "BL 0910 (Women)"]
[Site "Germany"]
[Date "2010.03.28"]
[Round "11.1"]
[White "Kludacz, Magdalena"]
[Black "Haecker, Sonja"]
[Result "1/2-1/2"]
[WhiteElo "2202"]
[BlackElo "2064"]
[PlyCount "99"]
[EventDate "2009.11.07"]
[EventType "team-tourn"]
[EventRounds "11"]
[EventCountry "GER"]
[SourceTitle "CBM 133 Extra"]
[Source "ChessBase"]
[SourceDate "2010.01.05"]
[SourceVersion "1"]
[SourceVersionDate "2010.01.05"]
[SourceQuality "1"]
[WhiteTeam "Torgelow (W)"]
[BlackTeam "Wolfbusch (W)"]
[WhiteTeamCountry "GER"]
[BlackTeamCountry "GER"]

1. d4 d5 2. c4 e6 3. Nf3 c6 4. Qc2 Nf6 5. g3 Nbd7 6. Bg2 Be7 7. 0-0 0-0 8. Nbd2 Qc7 9. Rd1 Rd8 10. e4 dxe4 11. Nxe4 e5 12. Nxe5 Nxe5 13. Bf4 Nfd7 14. dxe5 Nxe5 15. Rxd8+ Bxd8 16. c5 Qe7 17. Qc3 Bc7 18. Re1 f6 19. Nd2 Be6 20. Nf3 Nxf3+ 21. Qxf3 Bxf4 22. Qxf4 Qf7 23. a3 Rd8 24. Qe3 Bd5 25. Qe7 Rd7 26. Qxf7+ Kxf7 27. Rd1 Be6 28. Rxd7+ Bxd7 29. f4 Bf5 30. Kf2 Ke7 31. Ke3 h6 32. b4 a6 33. Kd4 Kd7 34. Kc3 Kc7 35. a4 Be6 36. Be4 Bf7 37. Bf5 Bd5 38. Bd3 Be6 39. Bc2 Bd5 40. Kd4 Bf7 41. Bd1 Be6 42. Ke4 Kd7 43. h4 Ke7 44. Kd4 Kd7 45. Bc2 Ke7 46. Kc3 Bd5 47. Bf5 Kd8 48. Bd3 Kc7 49. Bc2 Be6 50. Kd4 1/2-1/2

[Event "BL 0910 (Women)"]
[Site "Germany"]
[Date "2010.03.27"]
[Round "10.1"]
[White "Haecker, Sonja"]
[Black "Kononenko, Tatiana"]
[Result "1/2-1/2"]
[WhiteElo "2064"]
[BlackElo "2377"]
[PlyCount "101"]
[EventDate "2009.11.07"]
[EventType "team-tourn"]
[EventRounds "11"]
[EventCountry "GER"]
[SourceTitle "CBM 133 Extra"]
[Source "ChessBase"]
[SourceDate "2010.01.05"]
[SourceVersion "1"]
[SourceVersionDate "2010.01.05"]
[SourceQuality "1"]
[WhiteTeam "Wolfbusch (W)"]
[BlackTeam "Halle Volksbank (W)"]
[WhiteTeamCountry "GER"]
[BlackTeamCountry "GER"]

1. e4 e6 2. d4 d5 3. Nd2 c5 4. exd5 exd5 5. Ngf3 Nf6 6. Bb5+ Bd7 7. Bxd7+ Nbxd7 8. 0-0 Be7 9. Re1 0-0 10. dxc5 Nxc5 11. Nf1 a5 12. a4 Re8 13. Nd4 Qd7 14. c3 Nce4 15. Qf3 Ng4 16. Be3 g6 17. Qh3 f5 18. f3 Nxe3 19. Nxe3 Nf6 20. Kh1 Bc5 21. Qh4 Kf7 22. Nec2 Rac8 23. Nb5 Rxe1+ 24. Rxe1 Re8 25. Ncd4 Rxe1+ 26. Qxe1 Qe7 27. Qd2 f4 28. g3 fxg3 29. hxg3 Qe5 30. Kg2 Nh5 31. f4 Qe4+ 32. Kh2 Nf6 33. Qe2 h5 34. Qxe4 dxe4 35. Kg2 Ke7 36. Kf2 Bxd4+ 37. Nxd4 Kd6 38. Ke3 Kd5 39. b3 Ng4+ 40. Ke2 Nh6 41. Kd2 Nf5 42. Ne2 Kc5 43. Kc2 b6 44. Kd2 b5 45. axb5 Kxb5 46. Nd4+ Kb6 47. Ne2 Kc5 48. Kc2 Kb5 49. Nd4+ Kc5 50. Ne2 Kb5 51. Nd4+ 1/2-1/2

[Event "BL 0910 (Women)"]
[Site "Germany"]
[Date "2010.02.21"]
[Round "7.1"]
[White "Paehtz, Elisabeth"]
[Black "Haecker, Sonja"]
[Result "1-0"]
[WhiteElo "2482"]
[BlackElo "2064"]
[PlyCount "73"]
[EventDate "2009.11.07"]
[EventType "team-tourn"]
[EventRounds "11"]
[EventCountry "GER"]
[SourceTitle "CBM 133 Extra"]
[Source "ChessBase"]
[SourceDate "2010.01.05"]
[SourceVersion "1"]
[SourceVersionDate "2010.01.05"]
[SourceQuality "1"]
[WhiteTeam "Bad Koenigshofen (W)"]
[BlackTeam "Wolfbusch (W)"]
[WhiteTeamCountry "GER"]
[BlackTeamCountry "GER"]

1. e4 c5 2. Nf3 Nc6 3. d4 cxd4 4. Nxd4 Nf6 5. Nc3 d6 6. Bc4 Qb6 7. Nxc6 bxc6 8. 0-0 e6 9. Qe2 Be7 10. e5 dxe5 11. Qxe5 0-0 12. Qe2 Rd8 13. b3 Bb7 14. Bb2 Qc7 15. Rfe1 Bb4 16. a3 Bd6 17. h3 Nd7 18. Rad1 Nb6 19. Bd3 Nd5 20. Qh5 Nf6 21. Qh4 Be7 22. Na4 h6 23. Be5 Qc8 24. Qg3 Ne8 25. Qe3 Bf6 26. Qe4 Bxe5 27. Qxe5 Rd5 28. Qe3 Nf6 29. c4 Rd6 30. Bh7+ Kxh7 31. Rxd6 Qc7 32. Qd3+ Kh8 33. Nc5 Qb6 34. Qe3 Qc7 35. Red1 Rf8 36. Rd7 Nxd7 37. Rxd7 1-0

[Event "GER-chT U20 Girls"]
[Site "Naunhof"]
[Date "2005.12.29"]
[Round "5.1"]
[White "Haecker, Sonja"]
[Black "Butschek, Tanja"]
[Result "1/2-1/2"]
[WhiteElo "1932"]
[BlackElo "1862"]
[PlyCount "87"]
[EventDate "2005.12.27"]
[EventType "team-swiss"]
[EventRounds "7"]
[EventCountry "GER"]
[SourceTitle "CBM 110 Extra"]
[Source "ChessBase"]
[SourceDate "2006.03.10"]
[SourceVersion "2"]
[SourceVersionDate "2006.03.10"]
[SourceQuality "1"]

1. e4 c5 2. Nc3 Nc6 3. g3 g6 4. Bg2 Bg7 5. d3 e6 6. Be3 d6 7. f4 Nge7 8. Nf3 0-0 9. 0-0 Rb8 10. d4 cxd4 11. Nxd4 a6 12. Rf2 Qc7 13. Rd2 Rd8 14. a4 Nxd4 15. Bxd4 Bxd4+ 16. Rxd4 Qb6 17. Kh1 Qxb2 18. Rd3 b6 19. Rb1 Qa3 20. Nd5 Qxa4 21. Nxe7+ Kf8 22. Rxd6 Re8 23. Nxc8 Rbxc8 24. Rdxb6 Qxc2 25. Qxc2 Rxc2 26. Rxa6 Rd8 27. h3 Rdd2 28. Rg1 h5 29. e5 Kg7 30. Ra3 Rb2 31. Kh2 Rf2 32. h4 Rbd2 33. Kh3 Rb2 34. Rf3 Rfd2 35. Rff1 Rdc2 36. g4 hxg4+ 37. Kg3 Kh6 38. Be4 Rc4 39. Bxg6 Kxg6 40. Kxg4 Rc3 41. Rf3 Rcc2 42. Kh3+ Kf5 43. Rg5+ Ke4 44. Ra3 1/2-1/2

[Event "GER-chT U20 Girls"]
[Site "Naunhof"]
[Date "2005.12.29"]
[Round "6.1"]
[White "Handrick Morgenstern, Petra"]
[Black "Haecker, Sonja"]
[Result "1/2-1/2"]
[WhiteElo "1864"]
[BlackElo "1932"]
[PlyCount "40"]
[EventDate "2005.12.27"]
[EventType "team-swiss"]
[EventRounds "7"]
[EventCountry "GER"]
[SourceTitle "CBM 110 Extra"]
[Source "ChessBase"]
[SourceDate "2006.03.10"]
[SourceVersion "2"]
[SourceVersionDate "2006.03.10"]
[SourceQuality "1"]

1. d4 d5 2. c4 e6 3. Nc3 Nf6 4. Nf3 Nbd7 5. Bg5 c6 6. e3 Qa5 7. Qc2 Bb4 8. Bxf6 Nxf6 9. Nd2 Ne4 10. Ndxe4 dxe4 11. Be2 e5 12. 0-0 Bxc3 13. bxc3 f5 14. f3 exf3 15. Bxf3 0-0 16. e4 Be6 17. d5 cxd5 18. cxd5 fxe4 19. Qxe4 Bf7 20. Qb4 Qxb4 1/2-1/2

[Event "BL2 Gr01 0506 (Women)"]
[Site "Germany"]
[Date "2005.11.19"]
[Round "3.3"]
[White "Haecker, Sonja"]
[Black "Schenk, Stefanie"]
[Result "1/2-1/2"]
[WhiteElo "1915"]
[BlackElo "1947"]
[PlyCount "87"]
[EventDate "2005.10.29"]
[EventType "team-tourn"]
[EventRounds "7"]
[EventCountry "GER"]
[SourceTitle "EXT 2007"]
[Source "ChessBase"]
[SourceDate "2006.11.23"]
[SourceVersion "1"]
[SourceVersionDate "2006.11.23"]
[SourceQuality "1"]
[WhiteTeam "Stuttgart Wolfbusch (W)"]
[BlackTeam "Mannheim (W)"]
[WhiteTeamCountry "GER"]
[BlackTeamCountry "GER"]

1. e4 d5 2. exd5 Qxd5 3. Nc3 Qa5 4. d4 c6 5. Nf3 Bf5 6. Ne5 Nf6 7. Bc4 e6 8. Bd2 Bb4 9. Qe2 Nbd7 10. Nxd7 Kxd7 11. 0-0-0 Rad8 12. a3 Bxc3 13. Bxc3 Qc7 14. Kb1 Kc8 15. h3 Rd7 16. Rhe1 Rhd8 17. Bd3 Bxd3 18. Rxd3 Nd5 19. Qg4 Nxc3+ 20. Rxc3 g6 21. Rd3 Qa5 22. Red1 Qd5 23. Qf3 Qxf3 24. Rxf3 e5 25. c3 exd4 26. Rxd4 Rxd4 27. cxd4 f5 28. Rf4 Kc7 29. Kc2 Kd6 30. Kd3 Re8 31. g4 fxg4 32. hxg4 h5 33. gxh5 gxh5 34. Rh4 Rh8 35. Ke4 Ke6 36. Kf4 Rf8+ 37. Ke3 Rh8 38. Ke4 Rh7 39. f3 Kf6 40. Kf4 Kg6 41. Rh2 Rf7+ 42. Ke4 Rh7 43. Kf4 Kf6 44. Rh4 1/2-1/2

[Event "Hockenheim 6 Countries U20 Girls"]
[Site "Hockenheim"]
[Date "2005.10.03"]
[Round "4"]
[White "Cherenkova, Kristina"]
[Black "Haecker, Sonja"]
[Result "1-0"]
[WhiteElo "2260"]
[BlackElo "2028"]
[PlyCount "83"]
[EventDate "2005.09.01"]
[EventType "team"]
[EventRounds "5"]
[EventCountry "GER"]
[SourceTitle "EXT 2007"]
[Source "ChessBase"]
[SourceDate "2006.11.23"]
[SourceVersion "1"]
[SourceVersionDate "2006.11.23"]
[SourceQuality "1"]

1. d4 d5 2. Nf3 Nf6 3. c4 e6 4. e3 Be7 5. Nbd2 0-0 6. Bd3 c6 7. 0-0 Nbd7 8. e4 dxe4 9. Nxe4 Nxe4 10. Bxe4 Nf6 11. Bc2 c5 12. Qd3 Qc7 13. Bg5 g6 14. Qc3 cxd4 15. Qxd4 Nh5 16. Bxe7 Qxe7 17. Rad1 b6 18. Be4 Bb7 19. Bxb7 Qxb7 20. Ne5 Qe7 21. Rfe1 Qg5 22. h4 Qf6 23. Nd7 Qxd4 24. Rxd4 Rfd8 25. g4 Ng7 26. Red1 Kh8 27. Ne5 Rf8 28. Rd7 Kg8 29. Rb7 f6 30. Rdd7 Ne8 31. Nf7 Rxf7 32. Rxf7 Nd6 33. Rg7+ Kf8 34. Rxa7 Rxa7 35. Rxa7 Nxc4 36. b3 Ne5 37. Rb7 Nxg4 38. Rxb6 Ke7 39. a4 Ne5 40. a5 Kd7 41. a6 Nc6 42. a7 1-0

[Event "GER-chT U20 Girls"]
[Site "Pori"]
[Date "2004.12.30"]
[Round "7.1"]
[White "Janotta, Steffi"]
[Black "Haecker, Sonja"]
[Result "0-1"]
[WhiteElo "1903"]
[BlackElo "1986"]
[PlyCount "128"]
[EventDate "2004.12.27"]
[EventType "team-tourn"]
[EventRounds "7"]
[EventCountry "GER"]
[SourceTitle "EXT 2006"]
[Source "ChessBase"]
[SourceDate "2005.11.24"]
[SourceVersion "1"]
[SourceVersionDate "2005.11.24"]
[SourceQuality "1"]

1. e4 c5 2. Nf3 Nc6 3. d4 cxd4 4. Nxd4 Nf6 5. Nc3 d6 6. Bg5 e6 7. Qd2 Be7 8. 0-0-0 0-0 9. f3 Nxd4 10. Qxd4 Qa5 11. h4 Rd8 12. Kb1 Bd7 13. Qd2 Qb6 14. g4 Bc6 15. Be3 Qc7 16. Qh2 Ne8 17. g5 d5 18. exd5 Bxd5 19. Nxd5 Rxd5 20. Rxd5 exd5 21. Bd3 Qxh2 22. Rxh2 b6 23. Bf4 Bd6 24. Bxd6 Nxd6 25. Re2 Re8 26. Rxe8+ Nxe8 27. b4 f6 28. Kb2 fxg5 29. hxg5 h6 30. f4 Kf7 31. Kc3 hxg5 32. fxg5 Ke6 33. Kd4 Nd6 34. a4 Nf7 35. c4 Nxg5 36. cxd5+ Kd6 37. Kc4 Nf3 38. Bh7 Ne5+ 39. Kd4 Nd7 40. Bg8 Nf6 41. Be6 g5 42. Kc4 Ne8 43. Kd4 Nc7 44. Bg8 g4 45. a5 b5 46. Ke4 g3 47. Kf3 Nxd5 48. Kxg3 Nxb4 49. Kf3 Nc6 50. Ke4 Kc5 51. Kd3 Kb4 52. a6 Nb8 53. Kc2 Nxa6 54. Kb2 Nc5 55. Bh7 a5 56. Bg6 Na4+ 57. Ka2 Nb6 58. Kb2 Nc4+ 59. Ka2 Kc3 60. Be8 b4 61. Ba4 Nb6 62. Bd1 a4 63. Kb1 b3 64. Bg4 Nc4 0-1

[Event "GER-chT Lands U20"]
[Site "Bad Sulza"]
[Date "2004.11.16"]
[Round "3.4"]
[White "Hannes, Diana"]
[Black "Haecker, Sonja"]
[Result "1/2-1/2"]
[WhiteElo "1946"]
[BlackElo "2035"]
[PlyCount "55"]
[EventDate "2004.11.15"]
[EventType "team-swiss"]
[EventRounds "7"]
[EventCountry "GER"]
[SourceTitle "EXT 2006"]
[Source "ChessBase"]
[SourceDate "2005.11.24"]
[SourceVersion "1"]
[SourceVersionDate "2005.11.24"]
[SourceQuality "1"]

1. d4 d5 2. e3 Nf6 3. Bd3 c6 4. f4 e6 5. Nf3 Bd6 6. 0-0 0-0 7. Nbd2 Nbd7 8. Ne5 c5 9. c3 Re8 10. Qe1 Nf8 11. Qh4 a6 12. Ndf3 N6d7 13. Ng5 f5 14. Nef7 Qe7 15. Nxd6 Qxd6 16. g4 Nf6 17. h3 Ng6 18. Qg3 Nf8 19. Qh4 b5 20. Rf2 c4 21. Bc2 Qe7 22. Qg3 a5 23. a3 Rb8 24. Bd2 Rb7 25. Rg2 Kh8 26. Nf3 Ng6 27. Rf1 Ne4 28. Bxe4 1/2-1/2